| 000 | 01175cam a2200301 a 4500 | ||
|---|---|---|---|
| 999 |
_c1076 _d1076 |
||
| 001 | 2106118 | ||
| 003 | OSt | ||
| 005 | 20210623105628.0 | ||
| 008 | 960402s1996 caua 001 0 eng | ||
| 010 | _a 96017629 | ||
| 020 | _a0761500332 | ||
| 040 |
_aDLC _cDLC _dDLC |
||
| 050 | 0 | 0 |
_aLB3013 _b.M27 1996 |
| 082 | 0 | 0 |
_a371.1/024 _220 |
| 100 | 1 | _aMac Kenzie, Robert J. | |
| 245 | 1 | 0 |
_aSetting limits in the classroom : _bhow to move beyond the classroom dance of discipline / _cRobert J. MacKenzie. |
| 260 |
_aRocklin, CA : _bPrima Pub., _cc1996. |
||
| 300 |
_axii, 290 p. : _bill. ; _c22 cm. |
||
| 500 | _aIncludes index. | ||
| 650 | 0 | _aClassroom management. | |
| 650 | 0 | _aSchool discipline. | |
| 856 | 4 | 2 |
_3Contributor biographical information _uhttp://www.loc.gov/catdir/bios/random057/96017629.html |
| 856 | 4 | 1 |
_3Table of contents _uhttp://www.loc.gov/catdir/toc/random041/96017629.html |
| 856 | 4 | 2 |
_3Publisher description _uhttp://www.loc.gov/catdir/description/random041/96017629.html |
| 906 |
_a7 _bcbc _corignew _d1 _eocip _f19 _gy-gencatlg |
||
| 942 |
_2lcc _cBK _nJE |
||